[Event "NordWest-Cup 2014 - Open"]
[Site "Bad Zwischenahn"]
[Date "2014.01.26"]
[Round "6.8"]
[White "van Foreest, Jorden"]
[Black "Mueer, Sebastian"]
[Result "1-0"]
[WhiteElo "2326"]
[BlackElo "2210"]
[Annotator "chessorg"]
[PlyCount "59"]
[EventDate "2014.??.??"]
[WhiteTeam "Schachklub Turm Emsdetten e.V."]
[BlackTeam "SK Union Oldenburg"]

1. e4 e6 2. d4 d5 3. Nd2 Nf6 4. e5 Nfd7 5. f4 c5 6. Ngf3 Nc6 7. Nb3 a5 8. a4 b6
9. Bb5 Ndb8 10. Be3 Ba6 11. c3 c4 12. Bxa6 Nxa6 13. Nbd2 Ne7 14. O-O Nf5 15.
Bf2 h5 16. b3 Rc8 17. bxc4 dxc4 18. Qb1 Nb4 19. cxb4 axb4 20. Rc1 Qd5 21. Qa2
c3 22. Qxd5 exd5 23. Nb3 Be7 24. a5 bxa5 25. Rxa5 O-O 26. Ne1 Ra8 27. Rca1 Rxa5
28. Rxa5 Rc8 29. Nc2 Bd8 30. Ra4 1-0

[Event "NordWest-Cup 2014 - Open"]
[Site "Bad Zwischenahn"]
[Date "2014.01.26"]
[Round "6.31"]
[White "Klamp, Christoph"]
[Black "Guenther, Andreas"]
[Result "1/2-1/2"]
[WhiteElo "2060"]
[BlackElo "2166"]
[Annotator "chessorg"]
[PlyCount "38"]
[EventDate "2014.??.??"]
[WhiteTeam "SV Schachforum Darmstadt 1994"]
[BlackTeam "SSV Vimaria 91 Weimar"]

1. Nf3 f5 2. b3 Nf6 3. Bb2 e6 4. g3 d5 5. Bg2 c5 6. O-O Be7 7. d3 O-O 8. Nbd2
Nc6 9. d4 Ne4 10. dxc5 Bf6 11. Bxf6 Qxf6 12. a3 Nxc5 13. c4 Rd8 14. cxd5 exd5
15. e3 Be6 16. b4 Ne4 17. Nb3 Rac8 18. Qd3 Rc7 19. Nbd4 Nxd4 1/2-1/2

[Event "NordWest-Cup 2014 - Open"]
[Site "Bad Zwischenahn"]
[Date "2014.01.26"]
[Round "6.9"]
[White "Bente, Bjoern"]
[Black "Meijers, Viesturs"]
[Result "1/2-1/2"]
[WhiteElo "2209"]
[BlackElo "2464"]
[Annotator "chessorg"]
[PlyCount "91"]
[EventDate "2014.??.??"]
[WhiteTeam "Hamburger SK von 1830"]
[BlackTeam "ESV Nickelhuette Aue"]

1. d4 Nf6 2. c4 e6 3. Nc3 Bb4 4. e3 b6 5. Nge2 Bb7 6. a3 Be7 7. d5 d6 8. e4 c6
9. Nf4 exd5 10. cxd5 O-O 11. Be2 Re8 12. O-O c5 13. Re1 Bf8 14. Bf1 a6 15. a4
a5 16. Bb5 Nfd7 17. Nd3 Ba6 18. b3 Bxb5 19. Nxb5 Nf6 20. Bg5 Na6 21. Nb2 h6 22.
Bxf6 Qxf6 23. Nc4 Rab8 24. Ra2 Nb4 25. Rae2 Red8 26. Rd2 g6 27. h3 h5 28. Nbxd6
Bxd6 29. e5 Bxe5 30. Rxe5 Rd7 31. Qe2 Kg7 32. Qe4 Rbd8 33. d6 h4 34. Re7 Rxe7
35. Qxe7 Qxe7 36. dxe7 Re8 37. Rd7 Nc6 38. Rc7 Nxe7 39. Nxb6 Nf5 40. Rxc5 Rb8
41. Nc4 Rxb3 42. Nxa5 Rb1+ 43. Kh2 Rb2 44. Kg1 Rb1+ 45. Kh2 Rb2 46. Kg1 1/2-1/2

[Event "NordWest-Cup 2014 - Open"]
[Site "Bad Zwischenahn"]
[Date "2014.01.26"]
[Round "6.11"]
[White "Fish, Gennadij"]
[Black "Steingraeber, Kai Uwe"]
[Result "1/2-1/2"]
[WhiteElo "2467"]
[BlackElo "2185"]
[Annotator "chessorg"]
[PlyCount "55"]
[EventDate "2014.??.??"]
[WhiteTeam "SAbt SV Werder Bremen"]
[BlackTeam "Delmenhorster SK V 1931"]

1. d4 d5 2. c4 c6 3. Nf3 Nf6 4. Nc3 dxc4 5. a4 Bf5 6. e3 e6 7. Bxc4 Bb4 8. O-O
O-O 9. Qe2 Nbd7 10. e4 Bg4 11. Bd3 Bh5 12. e5 Nd5 13. Bd2 Be7 14. Nxd5 cxd5 15.
a5 a6 16. b4 Bg6 17. Bxg6 hxg6 18. b5 Nb8 19. Rfc1 b6 20. axb6 Qxb6 21. Ra5 Ra7
22. Rca1 Rc8 23. R5a4 Rc4 24. Rxc4 dxc4 25. bxa6 Rxa6 26. Rc1 Ra4 27. Be3 Qc6
28. Bg5 1/2-1/2

[Event "NordWest-Cup 2014 - Open"]
[Site "Bad Zwischenahn"]
[Date "2014.01.26"]
[Round "6.4"]
[White "Krause, Benedict"]
[Black "Schneider, Ilja"]
[Result "1/2-1/2"]
[WhiteElo "2169"]
[BlackElo "2515"]
[Annotator "chessorg"]
[PlyCount "102"]
[EventDate "2014.??.??"]
[WhiteTeam "SV Bargteheide"]
[BlackTeam "Sfrd. Berlin 1903 e.V."]

1. e4 {[%emt 0:00:00]} e5 2. Nf3 d6 3. d4 exd4 4. Nxd4 Nf6 5. Nc3 Be7 6. g3 Nc6
7. Bg2 O-O 8. O-O Bg4 9. f3 Nxd4 10. Qxd4 Be6 11. Rd1 Re8 12. Bf4 Nd7 13. Nd5
Bf8 14. Qd2 c6 15. Nc3 Ne5 16. b3 Bh3 17. Rf1 Bxg2 18. Kxg2 Qa5 19. Ne2 Qxd2
20. Bxd2 d5 21. exd5 Rad8 22. Rad1 Rxd5 23. Nf4 Rd6 24. Bc3 Ng6 25. Nd3 c5 26.
Rde1 Red8 27. Ne5 b5 28. Nxg6 hxg6 29. a3 Ra6 30. Ra1 c4 31. bxc4 Rc6 32. Bb4
Rxc4 33. c3 Bxb4 34. cxb4 Rd2+ 35. Rf2 Rcc2 36. Rxd2 Rxd2+ 37. Kh3 a6 38. f4 f5
39. g4 fxg4+ 40. Kg3 Kh7 41. Kxg4 Rxh2 42. Rc1 Rg2+ 43. Kh3 Rd2 44. Rc3 g5 45.
fxg5 Kg6 46. Rc6+ Kxg5 47. Rxa6 Kf4 48. a4 g5 49. Rf6+ Ke5 50. Ra6 Kf4 51. Rf6+
Ke5 1/2-1/2

[Event "NordWest-Cup 2014 - Open"]
[Site "Bad Zwischenahn"]
[Date "2014.01.26"]
[Round "7.1"]
[White "Solodovnichenko, Yuri"]
[Black "Ikonnikov, Vyacheslav"]
[Result "1/2-1/2"]
[WhiteElo "2591"]
[BlackElo "2566"]
[Annotator "chessorg"]
[PlyCount "122"]
[EventDate "2014.??.??"]
[WhiteTeam "Schachfreunde Gerresheim 86 e.V."]
[BlackTeam "SF Bad Mergentheim"]

1. e4 {[%emt 0:00:00]} c5 2. Nf3 Nc6 3. Bb5 g6 4. O-O Bg7 5. Re1 e5 6. Bxc6
dxc6 7. d3 Qe7 8. a3 a5 9. Be3 Nh6 10. Qc1 Ng4 11. Bg5 Nf6 12. Bh6 O-O 13. h3
Bxh6 14. Qxh6 Nh5 15. Nc3 f6 16. Na4 Nf4 17. Nb6 Rb8 18. Nxc8 Rbxc8 19. g3 Ne6
20. Qd2 a4 21. Qc3 b5 22. b3 Ra8 23. b4 Rfd8 24. bxc5 Qxc5 25. Qb2 Rd6 26. Kg2
Kg7 27. Re3 Rad8 28. Rd1 Nd4 29. Nxd4 Rxd4 30. Rf1 R4d7 31. Ree1 Qd4 32. Rb1
Qxb2 33. Rxb2 f5 34. exf5 gxf5 35. Rc1 Rb8 36. Kf3 Re8 37. Ke3 Red8 38. Ke2 Kf6
39. c4 Rxd3 40. cxb5 cxb5 41. Rxb5 R8d6 42. Rcc5 f4 43. gxf4 exf4 44. Rf5+ Kg6
45. Rxf4 Rxa3 46. h4 Ra1 47. Ra5 a3 48. Kf3 a2 49. Kg2 Kh6 50. Rfa4 Rg6+ 51.
Kh2 Rag1 52. Rxa2 R1g2+ 53. Kh3 Rg1 54. Ra1 Rxa1 55. Rxa1 Kg7 56. Ra7+ Kh6 57.
f4 Rg1 58. f5 Rg8 59. Rb7 Rg1 60. Rc7 Rg8 61. Rc1 Rf8 1/2-1/2

[Event "NordWest-Cup 2014 - Open"]
[Site "Bad Zwischenahn"]
[Date "2014.01.26"]
[Round "7.2"]
[White "Li, Chao b"]
[Black "Meins, Gerlef"]
[Result "1-0"]
[WhiteElo "2680"]
[BlackElo "2450"]
[Annotator "chessorg"]
[PlyCount "91"]
[EventDate "2014.??.??"]
[BlackTeam "SAbt SV Werder Bremen"]

1. c4 e6 2. g3 c5 3. Bg2 Nc6 4. Nf3 Nf6 5. O-O d5 6. d4 dxc4 7. dxc5 Qxd1 8.
Rxd1 Bxc5 9. Nbd2 O-O 10. Nxc4 Ng4 11. e3 Rb8 12. Nd4 Rd8 13. Bd2 Nxd4 14. exd4
Bxd4 15. Bf4 Ra8 16. Rd2 f6 17. Bc7 Rd7 18. Bd6 e5 19. a4 Nh6 20. Re1 Nf5 21.
Ba3 Rd8 22. Rc1 Be6 23. Bxb7 Rab8 24. Be4 Rdc8 25. Rdd1 Bc5 26. Bxc5 Rxc5 27.
b4 Rxc4 28. Bxf5 Bf7 29. Rxc4 Bxc4 30. Rc1 Bb3 31. a5 g6 32. Bd3 Ba4 33. Rc3
Rxb4 34. Rc7 Rd4 35. Be2 Bd1 36. Kf1 Bxe2+ 37. Kxe2 Ra4 38. a6 Ra3 39. Kd2 h5
40. Kc2 Kh8 41. Kb2 Ra5 42. Kb3 f5 43. Kb4 Ra2 44. Kb5 Rb2+ 45. Kc5 Ra2 46. Kd5
1-0

[Event "NordWest-Cup 2014 - Open"]
[Site "Bad Zwischenahn"]
[Date "2014.01.26"]
[Round "7.4"]
[White "Carlstedt, Jonathan"]
[Black "Epishin, Vladimir"]
[Result "0-1"]
[WhiteElo "2426"]
[BlackElo "2548"]
[Annotator "chessorg"]
[PlyCount "79"]
[EventDate "2014.??.??"]
[WhiteTeam "SV Diag.Harburg 1926 e.V."]

1. c4 Nf6 2. g3 d6 3. Bg2 c6 4. Nc3 h5 5. h3 Nbd7 6. d3 g6 7. e4 e5 8. Nge2 h4
9. g4 Nh7 10. Be3 Be7 11. Qd2 Bg5 12. d4 Bxe3 13. Qxe3 Qg5 14. f4 exf4 15. Nxf4
O-O 16. O-O-O Re8 17. Kb1 Ndf6 18. Rhf1 Be6 19. Qd3 Rad8 20. Rf2 a6 21. Rdf1
Bc8 22. Qc2 b5 23. Qb3 Rd7 24. cxb5 axb5 25. Nd3 Qe3 26. Kc2 Qxd4 27. Nb4 Bb7
28. e5 dxe5 29. Nxc6 Qd3+ 30. Kc1 e4 31. Nb4 Qg3 32. Re2 e3 33. Bxb7 Rxb7 34.
Nbd5 Nxd5 35. Qxd5 Rbe7 36. Rf3 Qb8 37. b4 Qc7 38. Kb2 Re5 39. Qd4 Ra8 40. Qf4
0-1

[Event "NordWest-Cup 2014 - Open"]
[Site "Bad Zwischenahn"]
[Date "2014.01.26"]
[Round "7.5"]
[White "Dgebuadze, Alexandre"]
[Black "Krause, Benedict"]
[Result "1-0"]
[WhiteElo "2515"]
[BlackElo "2169"]
[Annotator "chessorg"]
[PlyCount "95"]
[EventDate "2014.??.??"]
[BlackTeam "SV Bargteheide"]

1. c4 {[%emt 0:00:00]} Nf6 2. Nc3 d5 3. cxd5 Nxd5 4. g3 g6 5. Bg2 Nb6 6. h4 h5
7. d3 Bg7 8. Bg5 Nc6 9. Nf3 Bg4 10. O-O Qc8 11. Rc1 O-O 12. Qd2 Bh3 13. Bh6
Bxg2 14. Kxg2 Qe6 15. Bxg7 Kxg7 16. Ng5 Qf5 17. Nce4 Qd5 18. b4 Nd7 19. Qb2+
Kg8 20. Nf3 Rac8 21. Rc2 Nce5 22. Nxe5 Qxe5 23. Qxe5 Nxe5 24. Rfc1 c6 25. d4
Ng4 26. d5 Rfd8 27. dxc6 Rxc6 28. Rxc6 bxc6 29. Rxc6 Rd4 30. f3 Rxb4 31. Ra6
Ne3+ 32. Kf2 Nf5 33. Rxa7 Rb2 34. a4 Nd4 35. Nc3 Rc2 36. Ke3 Nxf3 37. Rc7 Ne5
38. a5 Rc1 39. a6 Ra1 40. a7 Nc4+ 41. Kd3 Nd6 42. Rxe7 Kg7 43. Rc7 Ra3 44. Kc2
Ra6 45. e4 g5 46. hxg5 Kg6 47. e5 Nc8 48. Rc6+ 1-0

[Event "NordWest-Cup 2014 - Open"]
[Site "Bad Zwischenahn"]
[Date "2014.01.26"]
[Round "7.6"]
[White "Schneider, Ilja"]
[Black "van Foreest, Jorden"]
[Result "1/2-1/2"]
[WhiteElo "2515"]
[BlackElo "2326"]
[Annotator "chessorg"]
[PlyCount "39"]
[EventDate "2014.??.??"]
[WhiteTeam "Sfrd. Berlin 1903 e.V."]
[BlackTeam "Schachklub Turm Emsdetten e.V."]

1. d4 d5 2. c4 c6 3. Nf3 Nf6 4. Nc3 dxc4 5. e3 b5 6. a4 b4 7. Nb1 e6 8. Bxc4
Nbd7 9. O-O a5 10. Nbd2 Be7 11. b3 O-O 12. Bb2 Bb7 13. Qe2 c5 14. Rfd1 Nd5 15.
Rac1 Rc8 16. Bxd5 exd5 17. e4 Re8 18. e5 Qb6 19. dxc5 Nxc5 20. Bd4 1/2-1/2

[Event "NordWest-Cup 2014 - Open"]
[Site "Bad Zwischenahn"]
[Date "2014.01.26"]
[Round "7.7"]
[White "Teske, Henrik"]
[Black "Hundack, Rolf"]
[Result "1-0"]
[WhiteElo "2540"]
[BlackElo "2237"]
[Annotator "chessorg"]
[PlyCount "97"]
[EventDate "2014.??.??"]
[WhiteTeam "SV Glueck auf Ruedersdorf e.V."]
[BlackTeam "Bremer SG von 1877"]

1. e4 e5 2. Nf3 Nc6 3. Bb5 g6 4. d4 exd4 5. c3 d3 6. Bg5 Be7 7. h4 d6 8. Qxd3
Bd7 9. Nbd2 Nf6 10. O-O-O Ng4 11. Qe2 a6 12. Bc4 h6 13. Bf4 Bf6 14. h5 g5 15.
Bg3 Qe7 16. Nb3 Nge5 17. Bd5 O-O-O 18. Nfd4 Nb8 19. Na5 c6 20. Bb3 Be6 21. Kb1
Rhe8 22. Nxe6 fxe6 23. Nc4 Nxc4 24. Qxc4 b5 25. Qe2 Be5 26. Bxe5 dxe5 27. Qe3
Kb7 28. Qg3 Qf6 29. a4 Nd7 30. axb5 axb5 31. c4 b4 32. Qe3 Qf4 33. Qe1 Nb6 34.
Rxd8 Rxd8 35. c5 Rd4 36. cxb6 Rxe4 37. Qd1 Rd4 38. Qf3 Qxf3 39. gxf3 Rd2 40.
Re1 Rxf2 41. Rxe5 Rxf3 42. Ka2 Rh3 43. Bd1 Rd3 44. Bg4 Rd4 45. Be2 Rd6 46. Kb3
Rd4 47. Rxe6 Kxb6 48. Rxh6 Re4 49. Rxc6+ 1-0

[Event "NordWest-Cup 2014 - Open"]
[Site "Bad Zwischenahn"]
[Date "2014.01.26"]
[Round "7.8"]
[White "Bente, Bjoern"]
[Black "Gutman, Lev"]
[Result "0-1"]
[WhiteElo "2209"]
[BlackElo "2445"]
[Annotator "chessorg"]
[PlyCount "97"]
[EventDate "2014.??.??"]
[WhiteTeam "Hamburger SK von 1830"]
[BlackTeam "SV Lingen"]

1. d4 Nf6 2. c4 g6 3. Nc3 d5 4. e3 Bg7 5. Qb3 dxc4 6. Bxc4 O-O 7. Nf3 Ne8 8.
O-O Nd6 9. Bd3 a5 10. h3 Nc6 11. a3 Bd7 12. Bd2 e5 13. Nxe5 Nxe5 14. dxe5 Bxe5
15. Qc2 c5 16. a4 c4 17. Be2 Bc6 18. Rfd1 Qg5 19. e4 Qh4 20. Be3 Nxe4 21. Nxe4
Qxe4 22. Qxe4 Bxe4 23. Bxc4 Bxb2 24. Ra2 Bc3 25. Bb5 Rfd8 26. Rc1 Bb4 27. Bg5
Rd5 28. Bf6 Rf5 29. Re2 Bxg2 30. Kxg2 Rxf6 31. Rc7 b6 32. Rc6 Rxc6 33. Bxc6 Ra7
34. Re8+ Kg7 35. Bb5 Rc7 36. Re2 Rc5 37. Re4 Rf5 38. Bd7 Rg5+ 39. Kf3 Bc5 40.
Re2 h5 41. Bc6 Rg1 42. Rd2 f5 43. Be8 Kf6 44. Re2 h4 45. Bd7 Rd1 46. Bb5 g5 47.
Kg2 g4 48. Be8 g3 49. fxg3 0-1

[Event "NordWest-Cup 2014 - Open"]
[Site "Bad Zwischenahn"]
[Date "2014.01.26"]
[Round "7.9"]
[White "Thybo, Jesper"]
[Black "Jahncke, Giso"]
[Result "1-0"]
[WhiteElo "2156"]
[BlackElo "2251"]
[Annotator "chessorg"]
[PlyCount "63"]
[EventDate "2014.??.??"]
[WhiteTeam "Skive Skak Klub"]
[BlackTeam "Preetzer TSV"]

1. d4 Nf6 2. c4 g6 3. Nc3 d5 4. Nf3 Bg7 5. Bf4 O-O 6. e3 c5 7. dxc5 Qa5 8. Rc1
dxc4 9. Bxc4 Nc6 10. O-O Qxc5 11. Bb3 Qa5 12. h3 Bf5 13. Qe2 Rad8 14. e4 Bc8
15. Nd5 Rd7 16. Nxf6+ exf6 17. Bd2 Qh5 18. Bc3 Re8 19. Rfe1 Rde7 20. Rcd1 f5
21. e5 f4 22. Ba4 Be6 23. Qe4 g5 24. Bb4 Rd7 25. Bd6 g4 26. hxg4 Bxg4 27. Rd5
Re6 28. Qxf4 Rg6 29. e6 Qxd5 30. Bb3 Qxd6 31. exd7 Kh8 32. Qxd6 1-0

[Event "NordWest-Cup 2014 - Open"]
[Site "Bad Zwischenahn"]
[Date "2014.01.26"]
[Round "7.10"]
[White "Albrecht, Juergen"]
[Black "Powierski, Emil"]
[Result "1/2-1/2"]
[WhiteElo "2239"]
[BlackElo "2195"]
[Annotator "chessorg"]
[PlyCount "74"]
[EventDate "2014.??.??"]
[WhiteTeam "SSV Vimaria 91 Weimar"]
[BlackTeam "Elmshorner SC von 1896"]

1. e4 c5 2. Nf3 d6 3. d4 cxd4 4. Nxd4 Nf6 5. Nc3 a6 6. Bg5 Nbd7 7. f4 Qc7 8.
Qe2 e5 9. Nf5 h6 10. Bxf6 Nxf6 11. Ne3 exf4 12. Ned5 Nxd5 13. Nxd5 Qa5+ 14. c3
Be6 15. Nxf4 Qe5 16. Nd5 Rc8 17. O-O-O Be7 18. Kb1 Rc5 19. Qf3 Bd8 20. Bd3 O-O
21. g4 g6 22. Bc2 b5 23. Rhf1 a5 24. a3 Kg7 25. h3 Bxd5 26. exd5 Bf6 27. Rfe1
Qg5 28. Qe4 Rb8 29. Bb3 Rc7 30. Qe3 Qh4 31. Qf3 Qg5 32. Re2 b4 33. cxb4 axb4
34. a4 Rbc8 35. Qe3 Qxe3 36. Rxe3 Bg5 37. Red3 Bf6 1/2-1/2